Веселый мудрец: Повести; Кн. 3

Dades bibliogràfiques
Autor principal: Левин Б. Н. Борис Наумович
Altres autors: Боярский Ю. А. (иллюстратор)
Idioma:rus
Publicat: Москва, Советский писатель, 1990
Matèries:
Format: MixedMaterials Llibre
KOHA link:https://koha.lib.tpu.ru/cgi-bin/koha/opac-detail.pl?biblionumber=143220

MARC

LEADER 00000nam0a2200000 4500
001 143220
005 20231031143147.0
010 |a 5265014071 
020 |a RU  |b 90-61786 
035 |a (RuTPU)RU\TPU\book\155192 
090 |a 143220 
100 |a 20080917g1990 m y0rusy5003 ca 
101 0 |a rus 
102 |a RU 
105 |a y z 000ay 
200 1 |a Веселый мудрец  |e Повести   |h Кн. 3  |f Б. Н. Левин  |g худож. Ю. А. Боярский 
210 |a Москва  |c Советский писатель  |d 1990 
215 |d 21 см  |a 368 с. 
600 1 |a Котляревский  |b И. П.  |g Иван Петрович 
610 1 |a Писатели украинские 
610 1 |a повести 
675 |a 883  |z rus 
700 1 |a Левин  |b Б. Н.  |g Борис Наумович  |4 070 
702 1 |a Боярский  |b Ю. А.  |4 440 
801 0 |a RU  |b RuMRKP  |c 19950417  |g psbo 
801 1 |a RU  |b 63413507  |c 20080917  |g PSBO 
801 2 |a RU  |b 63413507  |c 20080917  |g PSBO 
942 |c BK